Строительные материалы и изделия. Ч. 1 (Запись № 13616714)

Подробности
000 -МАРКЕР
контрольное поле 01355nam2a2200241 4500
001 - ИДЕНТИФИКАТОР ЗАПИСИ
контрольное поле rc\3007014
005 - ИДЕНТИФИКАТОР ВЕРСИИ
контрольное поле 20260315064036.0
035 ## - ДРУГИЕ СИСТЕМНЫЕ НОМЕРА
Идентификатор записи (NLR Aleph) 007149785
100 ## - ДАННЫЕ ОБЩЕЙ ОБРАБОТКИ
Данные общей обработки 20110922d1935 u y0rusy50 ca
101 0# - ЯЗЫК РЕСУРСА
Язык текста, звукозаписи и т.д. русский
102 ## - СТРАНА ПУБЛИКАЦИИ ИЛИ ПРОИЗВОДСТВА
Страна публикации Российская Федерация
105 ## - ПОЛЕ КОДИРОВАННЫХ ДАННЫХ: ТЕКСТОВЫЕ МАТЕРИАЛЫ, МОНОГРАФИЧЕСКИЕ
Кодированные данные о монографическом текстовом документе ab z |||||
200 0# - ЗАГЛАВИЕ И СВЕДЕНИЯ ОБ ОТВЕТСТВЕННОСТИ
Основное заглавие Ч. 1
210 ## - ПУБЛИКАЦИЯ, РАСПРОСТРАНЕНИЕ И ДР.
Дата издания, распространения и т.д. 1935
215 ## - ФИЗИЧЕСКАЯ ХАРАКТЕРИСТИКА
Специфическое обозначение материала и объем Переплет, 616 с., 6 вкл. л. крас. ил., табл., карт.
Другие сведения о физической характеристике ил., крас. ил., табл., карт.
320 ## - ПРИМЕЧАНИЯ О НАЛИЧИИ В ДОКУМЕНТЕ БИБЛИОГРАФИИ / УКАЗАТЕЛЯ
Текст примечания Библиогр.: "Главнейшая лит." в конце отделов
461 #0 - УРОВЕНЬ НАБОРА
Встроенное поле 001rc\3007013
-- 2000#$aСтроительные материалы и изделия$eГУУЗ НКТП утв. в качестве учебника для строит. втузов. Ч. 1-$fпроф. Б.Г. Скрамтаев$vЧ. 1
-- 700#1$aСкрамтаев$bБ.Г.$gБорис Григорьевич$f1905-1966
Системный номер (АБИС) связанной записи 7139676
Автор Скрамтаев, Б.Г. (1905-1966)
Место публикации Москва
Дата публикации 1935
Первые сведения об ответственности проф. Б.Г. Скрамтаев
Имя издателя, распространителя и т.д. ОНТИ. Гл. ред. строит. лит.
Сведения, относящиеся к заглавию ГУУЗ НКТП утв. в качестве учебника для строит. втузов. Ч. 1-
Заглавие Строительные материалы и изделия
Номер тома Ч. 1
801 #0 - ИСТОЧНИК ЗАПИСИ
Страна Российская Федерация
Организация NLR
Правила каталогизации psbo
801 #1 - ИСТОЧНИК ЗАПИСИ
Страна Российская Федерация
Организация ELAR
Источник данных rusmarc
852 ## - МЕСТОНАХОЖДЕНИЕ И ШИФР ХРАНЕНИЯ
Идентификатор организации NLR
Шифр хранения (Call Number) 35-19/157(1)
942 ## - ДОПОЛНИТЕЛЬНЫЕ ЭЛЕМЕНТЫ ЗАПИСИ (АБИС)
Тип экземпляра АБИС Неопределено
980 ## - КОЛЛЕКЦИЯ
Название коллекции Национальная библиография

Нет доступных экземпляров.